LEADER 01507nam2 22003253i 450 001 MIL0321298 005 20251003044231.0 010 $a8880080466 100 $a20110421d1996 ||||0itac50 ba 101 | $aita 102 $ait 181 1$6z01$ai $bxxxe 182 1$6z01$an 183 1$6z01$anc$2RDAcarrier 200 1 $aˆ2: ‰Corpo stradale e pavimentazioni$fPaolo Ferrari e Franco Giannini 210 $aTorino$cISEDI$cUTET$d1996 215 $aVIII, 409 p., [2] carte di tav.$d24 cm. 461 1$1001MIL0081977$12001 $aIngegneria stradale$fPaolo Ferrari e Franco Giannini$v2 606 $aPavimentazione stradale$2FIR$3CFIC050251$9E 676 $a625.7$9INGEGNERIA FERROVIARIA E STRADALE. STRADE$v14 676 $a625.725$9INGEGNERIA FERROVIARIA E STRADALE. STRADE. PROGETTAZIONE.$v22 700 1$aFerrari$b, Paolo$f <1931- >$3MILV057246$4070$0330016 701 1$aGiannini$b, Franco$f <1944- >$3CFIV090400$4070$07505 801 3$aIT$bIT-000000$c20110421 850 $aIT-BN0095 912 $aMIL0321298 950 2$aBiblioteca Centralizzata di Ateneo$cv. 1-2 in due copie$d 01SALA DING 625.7 FER.in$e 0102 0000040875 VMA A4(0002 v. 2 (3. rist. 2003)$fY $h20020422$i20110421$cv. 1-2 in due copie$d 01SALA DING 625.7 FER.in$e 0102 0000040885 VMA A4(0002bis v. 2 (2. rist. 2000; 2. copia)$fY $h20020422$i20110421 977 $a 01 996 $aCorpo stradale e pavimentazioni$91572343 997 $aUNISANNIO